Saltar al contenido

Полезные ископаемые Алтайского края и Республики Алтай учебное пособие

В учебном пособии рассмотрены полезные ископаемые Алтайского края и Республики Алтай, приведены сведения о распространении, запасах, истории и перспективах промышленного освоения основных месторождений...

Descripción completa

Guardado en:
Detalles Bibliográficos
Autor principal: Байлагасов Л. В.
Formato: Книга
Lenguaje:Russian
Publicado: Горно-Алтайск ГАГУ 2014
Acceso en línea:https://e.lanbook.com/book/159321
https://e.lanbook.com/img/cover/book/159321.jpg
Etiquetas: Agregar Etiqueta
Sin Etiquetas, Sea el primero en etiquetar este registro!
LEADER 01389nam0a2200253 i 4500
001 159321
003 RuSpLAN
005 20221220174109.0
008 221220s2014 ru gs 000 0 rus
040 |a RuSpLAN 
041 0 |a rus 
044 |a ru 
080 |a 553.04 
084 |a 26.34(2Рос=Алт)я73  |2 rubbk 
245 0 0 |a Полезные ископаемые Алтайского края и Республики Алтай  |b учебное пособие  |c Байлагасов Л. В. 
260 |a Горно-Алтайск  |b ГАГУ  |c 2014 
300 |a 129 с. 
504 |a Библиогр.: доступна в карточке книги, на сайте ЭБС Лань 
520 8 |a В учебном пособии рассмотрены полезные ископаемые Алтайского края и Республики Алтай, приведены сведения о распространении, запасах, истории и перспективах промышленного освоения основных месторождений 
521 8 |a Книга из коллекции ГАГУ - Инженерно-технические науки 
100 1 |a Байлагасов Л. В. 
856 4 |u https://e.lanbook.com/book/159321 
856 4 8 |u https://e.lanbook.com/img/cover/book/159321.jpg 
953 |a https://e.lanbook.com/img/cover/book/159321.jpg